| 000 | 00453nam a2200157Ia 4500 | ||
|---|---|---|---|
| 999 |
_c11884 _d11884 |
||
| 082 | _aTL.0039 | ||
| 100 | _aLodha, Rikhab Raj | ||
| 245 | 0 | _aComposition of foreign trade in a developing economy : India : A case study | |
| 260 |
_c1977 _bUniversity of Jodhpur |
||
| 300 | _a219p. + C D - 60 | ||
| 650 | _aINDIA - ECONOMIC CONDITIONS | ||
| 650 | _aINDIA - ECONOMIC POLICY | ||
| 650 | _aINDIA - COMMERCE | ||
| 710 | _aElhance, D.N. | ||
| 942 |
_cTH _2ddc |
||